000 00455nam a22001457a 4500
003 OSt
005 20160324143649.0
008 160324b xxu||||| |||| 00| 0 eng d
040 _cRUA
082 _aATM SAN 2004 B473 Or.1
100 _98189
_aSAN NAROM, សន​ ណារុំ
245 _aការអភិវឌ្ឍន៍សហគមន៍នៅខេត្ត ស្ទឹងត្រែង
260 _aPhnom Penh
_bRUA
_c2004
942 _2ddc
_cATM
999 _c7806
_d7806